000 00725nam a2200229Ia 4500
001 b2274-22486 [981]
003 IT-MiCISF
005 20241223115101.0
008 161014s9999||||xx |||||||||||||| ||und||
040 _aIT-MiCISF
_cIT-MiCISF
041 _ait
100 _aCasini Carlo (et al.)
_961265
245 0 _aLe cause culturali dell'aborto volontario
260 _a Milano,
_bMovimento per la vita,
_c1987
300 _app. 205
500 _aaborto, matrimonio-civile, matrimonio-sacramento, centri-di-consulenza, famiglia, procreazione, reddito
650 _aaborto
654 _asaggio
700 _aRossi G., Blangiardo G., Belletti F., Boccacin L., Ferreri M.
_961266
942 _cBK
_2ddc
999 _c215213
_d215213
999 _bsi